000 00759nam a22002057a 4500
008 161207b xxu||||| |||| 00| 0 eng d
020 _a978-1-78326-860
082 _22016
_aDC 005.1
_bOm6
100 _918134
_aOmondi, Amos.
_eauthor.
245 _aComputer-hardware evaluation of mathematical functions/
_cAmos Omondi.
260 _aLondon:
_bImperial College Press,
_cc2016.
300 _axvii, 414 pages:
_billustrations;
_c24 cm.
500 _aIncludes bibliographical references and index.
650 0 _918135
_aComputer arithmetic.
650 0 _918136
_aComputer arithmetic and logic units.
650 0 _918137
_aComputer algorithms.
650 0 _918138
_aIntegrated circuits
_xVerification.
650 0 _918139
_aComputer architecture.
942 _2ddc
_cDC
999 _c5974
_d5974